LEADER 01131nam a2200289 i 4500 001 991003315889707536 008 080205s2007 it a | 000 0 ita 020 $a9788872613269 035 $ab13668183-39ule_inst 040 $aDip.to Beni Arti e Storia$bita 100 1 $aBolognini, Pierluigi$024062 245 13$aUn'idea di Salento :$bpaesaggio, mare, architettura, arte e tradizioni /$ca cura di Michele Mainardi ; testi di Genuario Belmonte, Eugenio Imbriani, Paolo Agostino Vetrugno (... et al.) 260 $aLecce :$bEdizioni del Grifo,$c2007 300 $a255 p. :$bill. ;$c35cm 650 4$aSalento$xArte 650 4$aSalento$xFolklore 650 4$aSalento$xArchitettura 650 4$aSalento$xBellezze naturali 700 1 $aBelmonte, Genuino 700 1 $aImbriani, Eugenio 700 1 $aVetrugno, Paolo 907 $a.b13668183$b11-12-12$c05-02-08 912 $a991003315889707536 945 $aLE019 A16 AR H 4$g1$i2019000050296$lle019$op$pE95.00$q-$rn$s- $t0$u4$v1$w4$x0$y.i1466320x$z05-02-08 996 $aIdea di Salento$91213627 997 $aUNISALENTO 998 $ale019$b05-02-08$cm$da $e-$fita$git $h3$i0